000 00468nam a2200181Ia 4500
008 100920s9999 xx 000 0 und d
082 _b6794
_a891.43 0
100 _aधुमकेतू.
245 _aचौलादेवी.
260 _b---
_c0
300 _a301
_bसाधी
365 _b0
520 _aहिंदी.
630 _aचौलादेवी.
650 _aहिंदी.
730 _aचौलादेवी.
942 _cBOOK
999 _c675068
_d675065